00811nam a2200193 a 450000500170000000800410001701000150005802000180007305000260009124501090011726000630022630000330028950000510032252001450037352100070051865000210052565000310054670000400057720140310183526.0111013s19uu xx 00 eng d a2007003604 a9780521617390 aLB 1043.5b.L386 2008 aLearning with animation :bresearch implications for design /cedited by Richard Lowe, Wolfgang Schnotz. aCambridge ; New York :bCambridge University Press,c2008. aix, 391 p. :bill. ;c23 cm. aIncludes bibliographical references and index. aContents: Information search and processing -- Individual differences and strategies -- Interactivity and learning -- Instructional issues. aMA aVisual education aAnimation (Cinematography) aSchnotz, Wolfgang, 1946-, edited by